00337nam a2200133Ia 4500008004100000041000800041082001600049100002100065245002000086250000700106260004900113300003200162365000900194240624s9999 xx 000 0 und d aeng a332.042 COH aCOHEN BENJAMIN J aFUTURE OF MONEY a11 c2004aNew JerseybPrinceton University Press axxii, : 294 : p. : cm. ; 23 cb25